Comel yang sombong

Bibliographic Details
Format: Book
Published: Kuala Lumpur : Penerbitan Fargoes Sdn. Bhd , 2005
Series:Siri kanak-kanak harmoni
Subjects:

MARC

LEADER 00000cam a2200000 7i4500
001 0000065338
005 20160815.0
008 160815
020 |a 9831283430 
090 0 0 |a JF   |b JAW 
245 0 0 |a Comel yang sombong 
260 |a Kuala Lumpur :   |b Penerbitan Fargoes Sdn. Bhd ,   |c 2005 
440 0 |a Siri kanak-kanak harmoni 
500 |a Children ages 7-9 years old (orange) 
650 0 |a Jawi 
999 |a 0000899767   |b Book   |c Children Collection   |e Cawangan Tmn. Ungku Tun Aminah 
999 |a 0000899771   |b Book   |c Children Collection   |e Cawangan Tangkak 
999 |a 0000899772   |b Book   |c Children Collection   |e Cawangan Tangkak 
999 |a 0000899776   |b Book   |c Children Collection   |e Cawangan Mersing 
999 |a 0000953309   |b Book   |c Children Collection   |e Cawangan Segamat 
999 |a 0000953310   |b Book   |c Children Collection   |e Cawangan Mersing 
999 |a 0000953311   |b Book   |c Children Collection   |e Cawangan Pontian 
999 |a 0001215466   |b Book   |c Children Collection   |e Cawangan Mersing 
999 |a 0001215471   |b Book   |c Children Collection   |e Cawangan Tmn. Ungku Tun Aminah 
999 |a 0001215472   |b Book   |c Children Collection   |e Cawangan Segamat 
999 |a 0001215474   |b Book   |c Children Collection   |e Cawangan Bukit Gambir 
999 |a 0001215476   |b Book   |c Children Collection   |e Cawangan Taman Universiti 
999 |a 0001215477   |b Book   |c Children Collection   |e Cawangan Taman Universiti